000 00680nam a2200253Ia 4500
005 20260121154234.0
008 008 260114s9999 xx 000 0 eng d
020 _a9781003284758
037 _aEBOOK
040 _aCRL
040 _beng
040 _cCRL
041 _2eng
041 _aeng
084 _qCRL
100 _a Michael Silvestri; Michelle Tusan; Stephanie Barczewski; John Eglin; Stephen Heathorn
_91004737
245 0 _aBritain since 1688: A Nation in the World
260 _bTaylor and Francis
260 _c2023
856 _uhttp://www.taylorfrancis.com/books/9781003284758
942 _cEBOOK
999 _c1571558
_d1571558